000 01170nam a22002177a 4500
003 OSt
005 20260311003651.0
008 260311b |||||||| |||| 00| 0 eng d
020 _a9780448095356
040 _aDWCL GS lib
_cOC
082 _aFic. K26h 1981
100 _aKeene Carolyn
245 _aThe Haunted Showboat
_cCarolyn Keene
260 _aNew York
_bCarolyn Keene
_c1957
300 _aExtent- vii, 184 pages:
_billustrations
_c20cm
520 _aNancy, Bess, and George travel to New Orleans during Mardi Gras to help restore an old, "haunted" showboat named the River Princess. Amidst threats, sabotage, and supposed ghost sightings, Nancy uncovers a plot involving counterfeiters and hidden pirate treasure.
650 _aThe plot centers on Nancy, Bess, and George traveling to New Orleans during Mardi Gras to help relatives solve a mystery involving an old, abandoned showboat named the River Princess.
650 _amystery series, revolves around themes of restoring heritage, bravery, and navigating personal relationships, particularly focusing on the idea that appearances can be misleading.
700 _aCarolyn Keene
942 _2ddc
_cFIC.
_n0
999 _c8903
_d8903